Aquatic biodiversity in India:the present scenario / (Record no. 2300)

000 -LEADER
fixed length control field 00383nam a22001337a 4500
008 - FIXED-LENGTH DATA ELEMENTS--GENERAL INFORMATION
fixed length control field 200220b ||||| |||| 00| 0 eng d
020 ## - INTERNATIONAL STANDARD BOOK NUMBER
International Standard Book Number 817035367X
100 ## - MAIN ENTRY--PERSONAL NAME
9 (RLIN) 1879
Personal name Khanna, D.R.
245 10 - TITLE STATEMENT
Title Aquatic biodiversity in India:the present scenario /
260 ## - PUBLICATION, DISTRIBUTION, ETC. (IMPRINT)
Place of publication, distribution, etc Delhi,
Name of publisher, distributor, etc Daya Publication:
Date of publication, distribution, etc 2005.
300 ## - PHYSICAL DESCRIPTION
Extent ix,369p.
650 #0 - SUBJECT ADDED ENTRY--TOPICAL TERM
Topical term or geographic name as entry element Aquatic Biodiversity
942 ## - ADDED ENTRY ELEMENTS (KOHA)
Item type Books
Holdings
Withdrawn status Lost status Source of classification or shelving scheme Damaged status Not for loan Permanent location Current location Date acquired Source of acquisition Full call number Barcode Date last seen Cost, replacement price Koha item type
          IMU Kolkata IMU Kolkata 2009-03-30 R. B. Enterprises 578.760954 K454 10749 2020-02-20 995.00 Books
Designed and Maintained by IMU-KC Library, Kolkata Campus © Copyright All Rights Reserved

webs counters

Powered by Koha